Champion du monde de F1 - Statistiques

Statistiques générales
  • Ce quiz a été pris 63 fois
    16 depuis la dernière actualisation
  • Le résultat moyen est 43 sur 76
Statistiques - réponses
Années Pays Pilotes % Correct
2024 Pays-Bas Max Verstappen
90%
2006 Espagne Fernando Alonso
80%
2005 Espagne Fernando Alonso
80%
2007 Finlande Kimi Räikkönen
80%
2020 Royaume-Uni Lewis Hamilton
80%
2019 Royaume-Uni Lewis Hamilton
80%
2018 Royaume-Uni Lewis Hamilton
80%
2017 Royaume-Uni Lewis Hamilton
80%
2015 Royaume-Uni Lewis Hamilton
80%
2014 Royaume-Uni Lewis Hamilton
80%
2023 Pays-Bas Max Verstappen
80%
2022 Pays-Bas Max Verstappen
80%
2021 Pays-Bas Max Verstappen
80%
2004 Allemagne Michael Schumacher
80%
2003 Allemagne Michael Schumacher
80%
2002 Allemagne Michael Schumacher
80%
2001 Allemagne Michael Schumacher
80%
2000 Allemagne Michael Schumacher
80%
2013 Allemagne Sebastian Vettel
80%
2012 Allemagne Sebastian Vettel
80%
2011 Allemagne Sebastian Vettel
80%
2010 Allemagne Sebastian Vettel
80%
1993 France Alain Prost
70%
1989 France Alain Prost
70%
1986 France Alain Prost
70%
1985 France Alain Prost
70%
1991 Brésil Ayrton Senna
70%
1990 Brésil Ayrton Senna
70%
1997 Canada Jacques Villeneuve
70%
2009 Royaume-Uni Jenson Button
70%
2025 Royaume-Uni Lando Norris
70%
1995 Allemagne Michael Schumacher
70%
1994 Allemagne Michael Schumacher
70%
1999 Finlande Mika Häkkinen
70%
1998 Finlande Mika Häkkinen
70%
1988 Brésil Ayrton Senna
60%
1957 Argentine Juan Manuel Fangio
60%
1956 Argentine Juan Manuel Fangio
60%
1955 Argentine Juan Manuel Fangio
60%
1954 Argentine Juan Manuel Fangio
60%
1951 Argentine Juan Manuel Fangio
60%
2008 Royaume-Uni Lewis Hamilton
60%
1987 Brésil Nelson Piquet
60%
2016 Allemagne Nico Rosberg
60%
1984 Autriche Niki Lauda
60%
1977 Autriche Niki Lauda
60%
1975 Autriche Niki Lauda
60%
1996 Royaume-Uni Damon Hill
50%
1983 Brésil Nelson Piquet
50%
1953 Italie Alberto Ascari
40%
1952 Italie Alberto Ascari
40%
1974 Brésil Emerson Fittipaldi
40%
1950 Italie Giuseppe Farina
40%
1962 Royaume-Uni Graham Hill
40%
1976 Royaume-Uni James Hunt
40%
1982 Finlande Keke Rosberg
40%
1981 Brésil Nelson Piquet
40%
1972 Brésil Emerson Fittipaldi
30%
1968 Royaume-Uni Graham Hill
30%
1960 Australie Jack Brabham
30%
1959 Australie Jack Brabham
30%
1969 Royaume-Uni Jackie Stewart
30%
1992 Royaume-Uni Nigel Mansell
30%
1980 Australie Alan Jones
20%
1967 Nouvelle-Zélande Denny Hulme
20%
1966 Australie Jack Brabham
20%
1973 Royaume-Uni Jackie Stewart
20%
1971 Royaume-Uni Jackie Stewart
20%
1965 Royaume-Uni Jim Clark
20%
1963 Royaume-Uni Jim Clark
20%
1970 Autriche Jochen Rindt
20%
1979 Afrique du Sud Jody Scheckter
20%
1964 Royaume-Uni John Surtees
20%
1978 Etats-Unis Mario Andretti
20%
1958 Royaume-Uni Mike Hawthorn
20%
1961 Etats-Unis Phil Hill
20%
Aucun quiz correspondant
Distribution des résultats
% des personnes avec chaque résultat
Percentile par nombre de réponses
Votre historique - résultats
Vous n’avez pas pris ce quiz depuis la dernière actualisation